| 000 | 00903cam a22002773a 4500 | ||
|---|---|---|---|
| 001 | 20301 | ||
| 003 | PGUSA | ||
| 005 | 20140828083429.0 | ||
| 008 | 070109s2007||||xxu|||||s|||||000 | eng d | ||
| 040 |
_aPGUSA _beng |
||
| 042 | _adc | ||
| 050 | 4 | _aAG | |
| 050 | 4 | _aPN | |
| 245 | 1 | 2 |
_aA Museum for Young Gentlemen and Ladies : _bOr, a Private Tutor for Little Masters and Misses _h[electronic resource] |
| 260 |
_bProject Gutenberg, _c2007 |
||
| 506 | _aPublic domain in the USA. | ||
| 516 | _aElectronic text | ||
| 653 | _aHandbooks, vade-mecums, etc. -- Juvenile literature | ||
| 653 | _aGreat Britain -- History -- Juvenile literature | ||
| 653 | _aManners and customs -- Juvenile literature | ||
| 653 | _aGeography -- Juvenile literature | ||
| 653 | _aChildren's reference books | ||
| 830 | 0 |
_aProject Gutenberg _v20301 |
|
| 856 | 4 | 0 | _uhttp://www.gutenberg.org/ebooks/20301 |
| 942 | _cEB | ||
| 999 |
_c249556 _d249556 |
||